| 000 | 01493cam a22003375a 4500 | ||
|---|---|---|---|
| 001 | 17953878 | ||
| 005 | 20160221105047.0 | ||
| 008 | 131125s2014 enka frb f001 0 eng d | ||
| 020 | _a9780198714637 (hbk.) | ||
| 020 | _a0198714637 (hbk.) | ||
| 040 |
_aDLC _beng _cDLC _dDLC _dEG-ScBUE |
||
| 043 | _af-sa--- | ||
| 082 | 0 | 4 |
_222 _a341.4852 _bATU |
| 100 | 1 |
_aAtuahene, Bernadette. _939387 |
|
| 245 | 1 | 0 |
_aWe want what's ours : _blearning from South Africa's land restitution program / _cBernadette Atuahene. |
| 250 | _a1st ed. | ||
| 260 |
_aOxford : _bOxford University Press, _c2014. |
||
| 300 |
_aviii, 198 p. : _bill. ; _c24 cm. |
||
| 500 | _aIndex : p. 195-198. | ||
| 504 | _aIncludes bibliographical references. | ||
| 505 | 0 | _aIntroduction -- Dignity takings : a theoretical framework -- Dignity takings : the South African case -- Dignity restoration : the importance of process -- Dignity restoration : the importance of communication -- Dignity restoration : the importance of restitution awards -- Conclusion. | |
| 650 | 0 |
_aLand reform _xLaw and legislation _zSouth Africa. _2BUEsh |
|
| 650 | 0 |
_aReparations for historical injustices _zSouth Africa. _2BUEsh |
|
| 650 | 0 |
_aTransitional justice _zSouth Africa. _2BUEsh |
|
| 650 | 0 |
_aPost-apartheid era _zSouth Africa. _2BUEsh |
|
| 650 | 0 |
_aRespect for persons _xLaw and legislation _zSouth Africa. _2BUEsh |
|
| 650 | 0 |
_aCompensation (Law) _zSouth Africa. _2BUEsh |
|
| 651 | _2BUEsh | ||
| 653 |
_bBUSADM _cFebruary2016 |
||
| 942 | _2ddc | ||
| 999 |
_c21191 _d21163 |
||